[Event "GER Cup Net Final-B U2000"]
[Site "Playchess.com INT"]
[Date "2020.06.06"]
[Round "1"]
[White "Isele, Thomas"]
[Black "Koch, Yannick"]
[Result "1/2-1/2"]
[WhiteElo "1938"]
[BlackElo "1778"]
[PlyCount "141"]
[EventDate "2020.06.06"]
[EventType "swiss (blitz)"]
[EventRounds "13"]
[EventCountry "GER"]
[SourceTitle "CBM 197 Extra"]
[Source "ChessBase"]
[SourceDate "2020.09.30"]
[SourceVersion "1"]
[SourceVersionDate "2020.09.30"]
[SourceQuality "1"]

1. e4 c5 2. Nf3 a6 3. d3 d5 4. Nbd2 Nc6 5. g3 dxe4 6. dxe4 Nf6 7. Bg2 Bg4 8. 0-0 e6 9. c3 Be7 10. Re1 0-0 11. Qc2 Rc8 12. h3 Bh5 13. Nf1 Bg6 14. Bf4 b5 15. Rad1 Qb6 16. a3 b4 17. axb4 cxb4 18. Ne5 bxc3 19. Nxg6 hxg6 20. bxc3 Na5 21. Rb1 Qc5 22. Rec1 Nc4 23. Qa2 a5 24. Nd2 Nxd2 25. Bxd2 Rfd8 26. Be3 Qc4 27. Qxc4 Rxc4 28. Bb6 Rd2 29. e5 Nd5 30. Bxa5 Bc5 31. Rf1 Nxc3 32. Bxc3 Rxc3 33. Rb5 Rcc2 34. Rb8+ Kh7 35. Be4 Bxf2+ 36. Kh1 Ra2 37. Bb1 Ra3 38. Rf8 Bxg3 39. R8xf7 Rh2+ 40. Kg1 Bxe5 41. R7f3 Ra4 42. Re1 Rb2 43. Bxg6+ Kxg6 44. Rxe5 Ra1+ 45. Rf1 Rxf1+ 46. Kxf1 Rb6 47. Kg2 Kf6 48. Re3 e5 49. Kg3 Kf5 50. Rf3+ Ke6 51. Kg4 Rb4+ 52. Kg5 e4 53. Re3 Ke5 54. h4 Kd4 55. Kf4 Kd5 56. Rg3 Rb7 57. Ra3 Rf7+ 58. Kg4 Rc7 59. Ra5+ Rc5 60. Ra3 Kd4 61. Kf4 Rc4 62. Ra8 Kd3 63. Rd8+ Rd4 64. Re8 e3+ 65. Kf3 Rxh4 66. Rxe3+ Kd4 67. Re7 g6 68. Kg3 Rh6 69. Kg4 Kd5 70. Kg5 Rh1 71. Kxg6 1/2-1/2

[Event "GER Cup Net V3 U2000"]
[Site "Playchess.com INT"]
[Date "2020.05.27"]
[Round "3"]
[White "Isele, Thomas"]
[Black "Powalla, Christian"]
[Result "1-0"]
[WhiteElo "1856"]
[BlackElo "1727"]
[PlyCount "123"]
[EventDate "2020.05.27"]
[EventType "swiss (blitz)"]
[EventRounds "9"]
[EventCountry "GER"]
[SourceTitle "EXT 2021"]
[Source "ChessBase"]
[SourceDate "2020.10.23"]
[SourceVersion "1"]
[SourceVersionDate "2020.10.23"]
[SourceQuality "1"]

1. e4 e5 2. Nf3 Nc6 3. d4 exd4 4. Nxd4 Nf6 5. Nxc6 bxc6 6. Bd3 d5 7. exd5 cxd5 8. Bb5+ Bd7 9. Bxd7+ Qxd7 10. 0-0 Be7 11. Re1 0-0 12. b3 Bd6 13. Nd2 Rfe8 14. Bb2 Qf5 15. Rxe8+ Rxe8 16. Nf3 Ne4 17. Qd3 Bc5 18. Rf1 c6 19. Bd4 Bb6 20. Bxb6 axb6 21. c4 Qd7 22. cxd5 cxd5 23. Rd1 Nf6 24. h3 h6 25. Qd4 Qa7 26. a4 Qa5 27. Ne5 Qc5 28. Nf3 Re2 29. Qxc5 bxc5 30. Rc1 Nd7 31. Rd1 d4 32. Ra1 Rb2 33. a5 Rxb3 34. a6 d3 35. a7 Nb6 36. Ra5 c4 37. Rc5 Rb1+ 38. Kh2 Ra1 39. Rc7 Ra2 40. Rc6 Ra6 41. Nd2 Kf8 42. Nxc4 Rxa7 43. Rxb6 Rd7 44. Nd2 Ke7 45. Kg3 f6 46. Kf3 Ra7 47. Ke3 Kf7 48. Kxd3 Rd7+ 49. Ke2 Re7+ 50. Kf3 Rd7 51. Ne4 Ra7 52. Kg3 Ra3+ 53. f3 Kg6 54. h4 Kf5 55. Rb5+ Kg6 56. h5+ Kf7 57. Kf4 g6 58. Rb7+ Ke6 59. hxg6 Ra8 60. Rb6+ Ke7 61. Rxf6 Rg8 62. Kf5 1-0

[Event "GER Cup Net V3 U2000"]
[Site "Playchess.com INT"]
[Date "2020.05.27"]
[Round "7"]
[White "Isele, Thomas"]
[Black "Schmitt, Carsten1111"]
[Result "1/2-1/2"]
[WhiteElo "1877"]
[BlackElo "1808"]
[PlyCount "44"]
[EventDate "2020.05.27"]
[EventType "swiss (blitz)"]
[EventRounds "9"]
[EventCountry "GER"]
[SourceTitle "EXT 2021"]
[Source "ChessBase"]
[SourceDate "2020.10.23"]
[SourceVersion "1"]
[SourceVersionDate "2020.10.23"]
[SourceQuality "1"]

1. e4 e6 2. d4 d5 3. Nd2 Nf6 4. Bd3 c5 5. dxc5 Bxc5 6. exd5 exd5 7. Ngf3 0-0 8. 0-0 Bg4 9. c3 Nc6 10. Re1 Qd7 11. Nb3 Bb6 12. Bf4 Rfe8 13. Rxe8+ Rxe8 14. Nbd2 Ne4 15. Bg3 Nxg3 16. hxg3 Ne5 17. Be2 Nc6 18. Nb3 Qe6 19. Kf1 Qh6 20. Kg1 Qe6 21. Bd3 Ne5 22. Be2 Nc6 1/2-1/2

[Event "GER Cup Net V3 U2000"]
[Site "Playchess.com INT"]
[Date "2020.05.27"]
[Round "4"]
[White "Prieb, Robert"]
[Black "Isele, Thomas"]
[Result "1-0"]
[WhiteElo "1958"]
[BlackElo "1867"]
[PlyCount "99"]
[EventDate "2020.05.27"]
[EventType "swiss (blitz)"]
[EventRounds "9"]
[EventCountry "GER"]
[SourceTitle "EXT 2021"]
[Source "ChessBase"]
[SourceDate "2020.10.23"]
[SourceVersion "1"]
[SourceVersionDate "2020.10.23"]
[SourceQuality "1"]

1. d4 d5 2. c4 c6 3. Nf3 Nf6 4. Nc3 Bf5 5. cxd5 Nxd5 6. e3 e6 7. Qb3 Qb6 8. Nxd5 exd5 9. Qxb6 axb6 10. Bd2 Nd7 11. Bc3 Bd6 12. Be2 0-0 13. 0-0 b5 14. a3 Rfe8 15. Rac1 Be4 16. Nd2 Bg6 17. Nb3 f6 18. Bd2 Bf5 19. Na5 Ra7 20. Nxc6 bxc6 21. Rxc6 Bf8 22. Bxb5 Rb7 23. a4 Reb8 24. Rfc1 Bg6 25. b3 Be8 26. Rc7 Bd6 27. R7c6 Ba3 28. R1c2 Bf8 29. Rc7 Bd6 30. Rxb7 Rxb7 31. Bc6 Rb6 32. Bxd5+ Bf7 33. Rc8+ Nf8 34. Bxf7+ Kxf7 35. g3 Rxb3 36. a5 Ra3 37. Rc6 Ke7 38. Kg2 Ra2 39. Bc3 Nd7 40. Ra6 Ke6 41. Bb4 Kf7 42. Rxd6 Nb8 43. Rd8 Nc6 44. Rf8+ Ke6 45. Bc5 Rxa5 46. Rh8 h6 47. Rg8 Kf7 48. Rc8 Na7 49. Rc7+ Kg6 50. Rxa7 1-0

[Event "GER Cup Net V2 U2000"]
[Site "Playchess.com INT"]
[Date "2020.05.22"]
[Round "6"]
[White "Lucas, Michael"]
[Black "Isele, Thomas"]
[Result "1-0"]
[WhiteElo "1899"]
[BlackElo "1840"]
[PlyCount "91"]
[EventDate "2020.05.22"]
[EventType "swiss (blitz)"]
[EventRounds "9"]
[EventCountry "GER"]
[SourceTitle "EXT 2021"]
[Source "ChessBase"]
[SourceDate "2020.10.23"]
[SourceVersion "1"]
[SourceVersionDate "2020.10.23"]
[SourceQuality "1"]

1. d4 d5 2. c4 c6 3. Nf3 Nf6 4. e3 Bf5 5. Nc3 e6 6. Be2 Nbd7 7. Nh4 Bg6 8. 0-0 Be7 9. g3 0-0 10. Nxg6 hxg6 11. b3 Bd6 12. f4 Qe7 13. c5 Bc7 14. Bd2 Ne4 15. Nxe4 dxe4 16. b4 a6 17. a4 g5 18. Qc2 f5 19. Bc4 gxf4 20. gxf4 Nf6 21. Rf2 Nd5 22. Rg2 Qh4 23. Bxd5 exd5 24. Be1 Qh3 25. Rg3 Qh6 26. Qg2 Kf7 27. Rb1 Rh8 28. Rg5 g6 29. b5 axb5 30. axb5 Bd8 31. Rg3 Ra7 32. Qb2 Be7 33. Rg2 Rha8 34. Bg3 Qh5 35. Qe2 Qxe2 36. Rxe2 Ra1 37. Reb2 Rxb1+ 38. Rxb1 Ra3 39. Bf2 g5 40. bxc6 bxc6 41. Rb7 gxf4 42. exf4 e3 43. Bh4 e2 44. Rxe7+ Kg6 45. Rxe2 Kh5 46. Bg5 1-0

[Event "GER Cup Net V1 U2000"]
[Site "Playchess.com INT"]
[Date "2020.05.19"]
[Round "6"]
[White "Wagner, Rainer"]
[Black "Isele, Thomas"]
[Result "0-1"]
[WhiteElo "1868"]
[BlackElo "1796"]
[PlyCount "70"]
[EventDate "2020.05.19"]
[EventType "swiss (blitz)"]
[EventRounds "9"]
[EventCountry "GER"]
[SourceTitle "EXT 2021"]
[Source "ChessBase"]
[SourceDate "2020.10.23"]
[SourceVersion "1"]
[SourceVersionDate "2020.10.23"]
[SourceQuality "1"]

1. d4 d5 2. c4 c6 3. Nf3 Nf6 4. Nc3 Bf5 5. Qb3 Qb6 6. Bf4 Qxb3 7. axb3 a6 8. e3 e6 9. c5 Nbd7 10. h3 Be7 11. b4 Rc8 12. Be2 h6 13. 0-0 0-0 14. Bh2 Rfe8 15. Nd2 Bf8 16. Nb3 e5 17. dxe5 Nxe5 18. Na5 Rc7 19. g4 Bc8 20. f4 Ng6 21. f5 Ne5 22. Kf2 Rce7 23. Rfe1 Nh7 24. Bf4 Ng5 25. Kg3 f6 26. h4 Ngf7 27. Bf1 h5 28. g5 Bxf5 29. gxf6 gxf6 30. Be2 Ng4 31. Bxg4 Bxg4 32. Ne2 Ne5 33. Rad1 Bg7 34. Rd4 Kh7 35. Ng1 Ng6 0-1

[Event "GER-ch Net Amateur Gr-A Vor2"]
[Site "Playchess.com INT"]
[Date "2020.04.15"]
[Round "5"]
[White "Brunke, Christian"]
[Black "Isele, Thomas"]
[Result "1/2-1/2"]
[WhiteElo "2071"]
[BlackElo "1833"]
[PlyCount "150"]
[EventDate "2020.04.15"]
[EventType "swiss (blitz)"]
[EventRounds "9"]
[EventCountry "GER"]
[SourceTitle "CBM 196 Extra"]
[Source "ChessBase"]
[SourceDate "2020.07.31"]
[SourceVersion "1"]
[SourceVersionDate "2020.07.31"]
[SourceQuality "1"]

1. e4 c5 2. b3 Nc6 3. Bb2 d5 4. exd5 Qxd5 5. Nf3 e6 6. Be2 Qd8 7. 0-0 Nf6 8. d3 Be7 9. Nbd2 0-0 10. a4 b6 11. Ne5 Nxe5 12. Bxe5 Bb7 13. Bf3 Bxf3 14. Qxf3 Qd5 15. Qg3 Nh5 16. Qe3 Bf6 17. Nf3 Bxe5 18. Nxe5 Nf6 19. Rfe1 Rfd8 20. h3 Rac8 21. Nc4 Qd4 22. Rad1 Qc3 23. Qe2 Nd5 24. Rc1 Qf6 25. Qe5 Qxe5 26. Rxe5 Nb4 27. Ree1 Rd5 28. Kf1 Rcd8 29. Ne3 R5d7 30. g3 Na2 31. Ra1 Nb4 32. f4 g6 33. Ke2 Nd5 34. Nxd5 Rxd5 35. Kf3 Kg7 36. Re4 h5 37. Rh1 Rd4 38. Re5 R4d5 39. Rxd5 Rxd5 40. a5 b5 41. a6 Rd6 42. Ra1 Rb6 43. g4 hxg4+ 44. hxg4 Kf6 45. Ke4 Ke7 46. g5 Kd6 47. Ra5 Kc6 48. Ke5 c4 49. bxc4 bxc4 50. Kf6 cxd3 51. cxd3 Rb4 52. Kxf7 Rxf4+ 53. Kxg6 Rf3 54. Kh6 Rxd3 55. g6 Rh3+ 56. Rh5 Rb3 57. g7 Rb8 58. Kh7 Kb6 59. g8Q Rxg8 60. Kxg8 Kxa6 61. Kf7 Kb6 62. Kxe6 a5 63. Kd5 Kb5 64. Rh4 a4 65. Rg4 a3 66. Rh4 a2 67. Rh8 Kb4 68. Rb8+ Kc3 69. Ra8 Kb2 70. Rb8+ Kc2 71. Rc8+ Kb2 72. Rb8+ Kc2 73. Ra8 Kb2 74. Kc4 a1Q 75. Rxa1 Kxa1 1/2-1/2

[Event "GER-ch Net Amateur Gr-A Vor2"]
[Site "Playchess.com INT"]
[Date "2020.04.15"]
[Round "7"]
[White "Mueller, Adrian"]
[Black "Isele, Thomas"]
[Result "1-0"]
[WhiteElo "2007"]
[BlackElo "1836"]
[PlyCount "59"]
[EventDate "2020.04.15"]
[EventType "swiss (blitz)"]
[EventRounds "9"]
[EventCountry "GER"]
[SourceTitle "CBM 196 Extra"]
[Source "ChessBase"]
[SourceDate "2020.07.31"]
[SourceVersion "1"]
[SourceVersionDate "2020.07.31"]
[SourceQuality "1"]

1. e4 c5 2. Nf3 Nc6 3. d4 cxd4 4. Nxd4 Nf6 5. Nc3 d6 6. Bg5 e6 7. Qd2 Be7 8. f4 a6 9. 0-0-0 Qc7 10. Bxf6 gxf6 11. Be2 Nxd4 12. Qxd4 b5 13. f5 Bb7 14. fxe6 fxe6 15. Bh5+ Kd7 16. Rhe1 Rad8 17. Bg4 Rhe8 18. Nd5 Bxd5 19. exd5 Kc8 20. Bxe6+ Kb8 21. Rd3 Qa7 22. Qb4 Qc5 23. Qa5 Kb7 24. Rc3 Qb6 25. Qxb6+ Kxb6 26. Rc6+ Kb7 27. Bf7 f5 28. Bxe8 Rxe8 29. Rxd6 Bg5+ 30. Kd1 1-0

[Event "GER-ch Net Amateur Gr-A Vor1"]
[Site "Playchess.com INT"]
[Date "2020.04.14"]
[Round "1"]
[White "Isele, Thomas"]
[Black "Kersten, Uwe"]
[Result "0-1"]
[WhiteElo "1828"]
[BlackElo "2100"]
[PlyCount "84"]
[EventDate "2020.04.14"]
[EventType "swiss (blitz)"]
[EventRounds "9"]
[EventCountry "GER"]
[SourceTitle "EXT 2021"]
[Source "ChessBase"]
[SourceDate "2020.10.23"]
[SourceVersion "1"]
[SourceVersionDate "2020.10.23"]
[SourceQuality "1"]

1. e4 e6 2. d4 d5 3. exd5 exd5 4. Nf3 Bd6 5. Bd3 Nc6 6. c3 Bg4 7. 0-0 Nge7 8. Bg5 f6 9. Bh4 Qd7 10. Bg3 0-0-0 11. Nbd2 Ng6 12. Re1 Nf4 13. Bf1 Ne7 14. Qb3 h5 15. h3 Bf5 16. Qb5 Qxb5 17. Bxb5 Neg6 18. Bxf4 Nxf4 19. Nf1 c6 20. Be2 Rde8 21. Ne3 Bh7 22. Bf1 g5 23. Rad1 Be4 24. Nd2 Bg6 25. Nf3 h4 26. Ng4 Be7 27. Nfh2 Bd8 28. Nf3 Be4 29. Nd2 Bc2 30. Ra1 Bd3 31. Re3 Bxf1 32. Kxf1 Rxe3 33. Nxe3 Nd3 34. Rb1 Re8 35. Nf3 Bc7 36. Ne1 Nf4 37. f3 Nh5 38. Ng4 Bg3 39. Nd3 b6 40. Rd1 Kc7 41. Rd2 Nf4 42. Rd1 Nxd3 0-1

[Event "GER-ch Net Amateur Gr-A Vor1"]
[Site "Playchess.com INT"]
[Date "2020.04.14"]
[Round "4"]
[White "Reich, Elisabeth"]
[Black "Isele, Thomas"]
[Result "0-1"]
[WhiteElo "1620"]
[BlackElo "1822"]
[PlyCount "84"]
[EventDate "2020.04.14"]
[EventType "swiss (blitz)"]
[EventRounds "9"]
[EventCountry "GER"]
[SourceTitle "EXT 2021"]
[Source "ChessBase"]
[SourceDate "2020.10.23"]
[SourceVersion "1"]
[SourceVersionDate "2020.10.23"]
[SourceQuality "1"]

1. e4 c5 2. c3 d5 3. exd5 Qxd5 4. d4 e6 5. Nf3 cxd4 6. cxd4 Nf6 7. Be2 Be7 8. 0-0 0-0 9. Nc3 Qd8 10. Bf4 Nc6 11. Nb5 Bd7 12. Nc7 Rc8 13. Nb5 Nd5 14. Bg3 Be8 15. Rc1 a6 16. Nc3 Nf6 17. Qc2 Nb4 18. Qd2 Bc6 19. Rfe1 Nbd5 20. Nxd5 Bxd5 21. Rxc8 Qxc8 22. Rc1 Qd8 23. Bc7 Qa8 24. Bb6 Bxa2 25. Qd1 Bd5 26. Qd2 Bd6 27. Ne5 Rc8 28. Bf3 Rxc1+ 29. Qxc1 Qb8 30. Bxd5 Nxd5 31. Nf3 Nxb6 32. Qc2 h6 33. Qe4 Nd5 34. Qg4 Qc7 35. g3 Qc1+ 36. Kg2 Qxb2 37. Ne5 Ne3+ 38. Kg1 Nxg4 39. Kg2 Nxe5 40. dxe5 Bxe5 41. Kh3 Qxf2 42. g4 Qxh2# 0-1

[Event "GER-ch Net blitz qual4"]
[Site "Playchess.com INT"]
[Date "2020.03.23"]
[Round "9"]
[White "Schubert, Joachim"]
[Black "Isele, Thomas"]
[Result "1-0"]
[WhiteElo "1881"]
[BlackElo "2040"]
[PlyCount "67"]
[EventDate "2020.03.23"]
[EventType "swiss (blitz)"]
[EventRounds "9"]
[EventCountry "GER"]
[SourceTitle "CBM 195 Extra"]
[Source "ChessBase"]
[SourceDate "2020.05.31"]
[SourceVersion "1"]
[SourceVersionDate "2020.05.31"]
[SourceQuality "1"]

1. e4 c5 2. Nf3 Nc6 3. d4 cxd4 4. Nxd4 Nf6 5. Nc3 d6 6. Be2 e6 7. 0-0 a6 8. a4 Be7 9. Kh1 0-0 10. f4 Qc7 11. Bf3 Bd7 12. Be3 Rac8 13. Qd2 Rfd8 14. Qf2 Qb8 15. h3 Nxd4 16. Bxd4 Bc6 17. Rac1 d5 18. e5 Nd7 19. b3 b5 20. axb5 axb5 21. Ne2 Bb7 22. Bg4 g6 23. h4 Bc5 24. h5 Qa7 25. c3 Bxd4 26. Nxd4 Qb6 27. b4 Nb8 28. Be2 Bc6 29. Qg3 Qb7 30. f5 exf5 31. Nxf5 Qc7 32. Nd6 Rxd6 33. exd6 Qd7 34. Bg4 1-0

[Event "GER-ch Net blitz qual2"]
[Site "Playchess.com INT"]
[Date "2020.03.16"]
[Round "2"]
[White "Boos, Markus"]
[Black "Isele, Thomas"]
[Result "1/2-1/2"]
[WhiteElo "2153"]
[BlackElo "2040"]
[PlyCount "103"]
[EventDate "2020.03.16"]
[EventType "swiss (blitz)"]
[EventRounds "9"]
[EventCountry "GER"]
[SourceTitle "CBM 195 Extra"]
[Source "ChessBase"]
[SourceDate "2020.05.31"]
[SourceVersion "1"]
[SourceVersionDate "2020.05.31"]
[SourceQuality "1"]

1. Nf3 d5 2. g3 Nf6 3. Bg2 c6 4. 0-0 Qc7 5. d4 e6 6. b3 Be7 7. c4 0-0 8. Nc3 Ne4 9. Nxe4 dxe4 10. Nd2 f5 11. e3 Bf6 12. f3 exf3 13. Nxf3 Nd7 14. Bb2 g6 15. Qc2 e5 16. e4 exd4 17. Bxd4 Bxd4+ 18. Nxd4 Qe5 19. Ne2 Nf6 20. exf5 Bxf5 21. Qd2 Rad8 22. Qe1 Rde8 23. Nf4 Qc5+ 24. Qf2 Qxf2+ 25. Rxf2 Be4 26. Rd1 Bxg2 27. Nxg2 Re7 28. Re1 Rxe1+ 29. Nxe1 Re8 30. Nd3 Kg7 31. Nc5 Re7 32. Rd2 b6 33. Na4 c5 34. Nc3 Kf7 35. Nd5 Nxd5 36. Rxd5 Re1+ 37. Kf2 Re7 38. h3 Kf6 39. a3 Ke6 40. Rd2 Rd7 41. Rxd7 Kxd7 42. Kf3 Ke6 43. Ke4 h6 44. g4 g5 45. a4 a5 46. Kf3 Ke5 47. Ke3 Kf6 48. Ke4 Ke6 49. Kd3 Ke5 50. Ke3 Kf6 51. Kf3 Ke5 52. Ke3 1/2-1/2

[Event "GER-ch Net blitz qual2"]
[Site "Playchess.com INT"]
[Date "2020.03.16"]
[Round "6"]
[White "Winkels, Marcel"]
[Black "Isele, Thomas"]
[Result "1-0"]
[WhiteElo "1990"]
[BlackElo "2040"]
[PlyCount "91"]
[EventDate "2020.03.16"]
[EventType "swiss (blitz)"]
[EventRounds "9"]
[EventCountry "GER"]
[SourceTitle "CBM 195 Extra"]
[Source "ChessBase"]
[SourceDate "2020.05.31"]
[SourceVersion "1"]
[SourceVersionDate "2020.05.31"]
[SourceQuality "1"]

1. e4 c5 2. Nf3 Nc6 3. Bb5 Qc7 4. 0-0 e6 5. Re1 a6 6. Bf1 d6 7. Nc3 Nf6 8. d4 cxd4 9. Nxd4 Be7 10. a4 0-0 11. Be3 Bd7 12. Nb3 Rac8 13. a5 Qb8 14. h3 Na7 15. Na4 Bb5 16. Nb6 Rcd8 17. c4 Bc6 18. f3 Nc8 19. Qc2 Nxb6 20. Bxb6 Rc8 21. Rac1 Nd7 22. Nd4 Nxb6 23. axb6 Bd7 24. b4 Rfd8 25. Kh1 Be8 26. Nb3 Ba4 27. Qa2 Bxb3 28. Qxb3 Rc6 29. Qe3 Qc8 30. Red1 Qb8 31. Bd3 Rdc8 32. f4 g6 33. f5 Bd8 34. Qf3 Rxb6 35. fxe6 fxe6 36. Qg4 d5 37. c5 Rbc6 38. e5 Qc7 39. Re1 Qg7 40. Re2 Be7 41. Rf1 b6 42. Bxa6 Ra8 43. Bb7 Rac8 44. Bxc8 Rxc8 45. Qxe6+ Kh8 46. Rf7 1-0